000 00638cam a22001933a 4500
001 38789
003 PGUSA
005 20140828083844.0
008 120207s2012||||xxu|||||s|||||000 | eng d
040 _aPGUSA
_beng
042 _adc
245 1 0 _aAntigua and the Antiguans, Volume II :
_bA full account of the colony and its inhabitants from the time of the Caribs to the present day
_h[electronic resource] /
_cAnonymous
260 _bProject Gutenberg,
_c2012
506 _aPublic domain in the USA.
516 _aElectronic text
830 0 _aProject Gutenberg
_v38789
856 4 0 _uhttp://www.gutenberg.org/ebooks/38789
942 _cEB
999 _c268043
_d268043